[Event "Tarbes"]
[Site "?"]
[Date "2003.??.??"]
[Round "1"]
[White "Mohtaji, Javad"]
[Black "Cruz, Manuel"]
[Result "0-1"]
[WhiteElo "2048"]
[BlackElo "1760"]
[PlyCount "84"]

1.e4 d6 2.d4 Nf6 3.Nc3 g6 4.h3 Bg7 5.Be3 O-O 6.f4 c6 7.Nf3 Nbd7 8.Bd3 b5 
9.O-O a6 10.Qd2 Bb7 11.f5 c5 12.e5 dxe5 13.dxe5 Nd5 14.Nxd5 Bxd5 15.Bh6 
Bxf3 16.Bxg7 Kxg7 17.Rxf3 Nxe5 18.Rf2 Qd4 19.Rf1 Rad8 20.Qg5 Nxd3 21.cxd3 
f6 22.Qc1 g5 23.Kh1 Rd5 24.Re2 Re5 25.Rxe5 Qxe5 26.Re1 Qd6 27.Re6 Qc7 28.
Qe3 Kf7 29.Rxa6 Rd8 30.Qe6+ Kf8 31.Qe4 Rd6 32.Ra8+ Kf7 33.Qf3 Rd8 34.Ra3 
b4 35.Rb3 Rd4 36.g3 Qd6 37.a3 c4 38.Rxb4 Rxd3 39.Qe4 Rd1+ 40.Kg2 Qd2+ 41.
Kf3 Rf1+ 42.Kg4 Qd1+ 0-1

[Event "2e Open Condom"]
[Site "?"]
[Date "2003.??.??"]
[Round "5.56"]
[White "Friburger, Thibault"]
[Black "Blesing, Rene"]
[Result "0-1"]
[WhiteElo "1260"]
[BlackElo "1760"]
[EventDate "2003.??.??"]
[PlyCount "60"]

1.e4 c5 2.Nf3 Nc6 3.d4 cxd4 4.Nxd4 Nf6 5.Nc3 a6 6.Be3 e6 7.a3 Be7 8.Bd3 d5
9.exd5 Nxd5 10.Nxd5 Qxd5 11.Nf3 e5 12.Be2 Qe6 13.O-O Qg6 14.Kh1 Bf5 15.c3 
Rd8 16.Qa4 O-O 17.Nh4 Qf6 18.Nxf5 Qxf5 19.Rad1 Bd6 20.Bxa6 e4 21.Be2 Ne5 
22.Qb5 Qg6 23.Rxd6 Qxd6 24.Bc5 Qd5 25.c4 Qd2 26.Rg1 Qxe2 27.Bxf8 Nd3 28.
Bc5 e3 29.Rb1 Nxf2+ 30.Kg1 Rd1+ 0-1

[Event "Tarbes"]
[Site "?"]
[Date "2003.??.??"]
[Round "3"]
[White "Garaud, Alain"]
[Black "Boulogne, Laurent"]
[Result "1-0"]
[WhiteElo "1930"]
[BlackElo "1620"]
[PlyCount "125"]

1.e4 e5 2.Nf3 Nf6 3.Nxe5 d6 4.Nf3 Nxe4 5.d4 d5 6.Bd3 Be7 7.O-O Nc6 8.c4 
Nb4 9.Be2 Bf5 10.a3 Nc6 11.Qb3 Na5 12.Qa4+ c6 13.cxd5 Qxd5 14.Nc3 Nxc3 15.
bxc3 O-O 16.c4 Qd8 17.Bd2 b6 18.Bxa5 bxa5 19.Qxc6 Rc8 20.Qb5 Bg4 21.d5 Bc5
22.Qb3 Re8 23.Qd3 Qf6 24.h3 Bf5 25.Qd2 Re4 26.Bd3 Rf4 27.Qxf4 Bxd3 28.Qxf6
gxf6 29.Rfc1 Bd6 30.a4 Bxc4 31.Nd2 Ba6 32.Rxc8+ Bxc8 33.Nc4 Bb4 34.Ne3 Bd7
35.Rc1 Bxa4 36.Rc8+ Kg7 37.Nf5+ Kg6 38.g4 Kg5 39.Rc4 Bd7 40.f4+ Kg6 41.Ng3
h6 42.f5+ Kg5 43.Kg2 h5 44.Ne4+ Kh6 45.Nxf6 Bb5 46.Rc8 hxg4 47.Nxg4+ Kg5 
48.f6 a4 49.Kf3 Kf5 50.Rh8 Be2+ 51.Kxe2 Ke4 52.Rb8 a5 53.Kd1 Kxd5 54.Kc2 
Ke4 55.Nh6 Ke5 56.Rb6 a3 57.Kb3 a4+ 58.Ka2 Bf8 59.Nxf7+ Kf5 60.Nd8 Kg6 61.
f7+ Kf5 62.Re6 Bg7 63.Re8 1-0

[Event "2e Open Condom"]
[Site "?"]
[Date "2003.??.??"]
[Round "5.51"]
[White "Favreau, Maxime"]
[Black "Bluet, Frederick"]
[Result "0-1"]
[WhiteElo "1560"]
[BlackElo "1850"]
[EventDate "2003.??.??"]
[PlyCount "88"]

1.e4 c5 2.Nc3 Nc6 3.g3 g6 4.Bg2 Bg7 5.d3 e6 6.Be3 b6 7.Qd2 Nge7 8.f4 O-O 
9.Nf3 d5 10.Bf2 Rb8 11.g4 dxe4 12.dxe4 Qxd2+ 13.Nxd2 Nd4 14.O-O-O Ba6 15.
Rhe1 Rfd8 16.Bg3 Nec6 17.f5 e5 18.a3 Rd7 19.Nd5 Be2 20.c3 Bxd1 21.Rxd1 
Ne2+ 22.Kc2 Nf4 23.c4 Nxg2 24.Rg1 Nf4 25.Nf3 Ne2 26.Rd1 Nxg3 27.hxg3 Nd4+ 
28.Nxd4 exd4 29.f6 Rxd5 30.cxd5 Bxf6 31.Rc1 Re8 32.d6 Be5 33.d7 Rd8 34.Rg1
Rxd7 35.Kd3 b5 36.b3 Rc7 37.Rc1 c4+ 38.bxc4 bxc4+ 39.Rxc4 Rxc4 40.Kxc4 Kf8
41.a4 Ke7 42.a5 g5 43.a6 Kd6 44.Kd3 Kc5 0-1

[Event "2e Open Condom"]
[Site "?"]
[Date "2003.??.??"]
[Round "5.47"]
[White "Vitrou, Jonathan"]
[Black "Callant, Geert"]
[Result "1/2-1/2"]
[WhiteElo "1880"]
[BlackElo "2003"]
[EventDate "2003.??.??"]
[PlyCount "42"]

1.e4 c5 2.Nf3 e6 3.d4 cxd4 4.Nxd4 a6 5.Nc3 Bb4 6.Bd2 Nf6 7.e5 Bxc3 8.Bxc3 
Ne4 9.Qf3 Nxc3 10.Qxc3 O-O 11.Bc4 b5 12.Bd3 Bb7 13.O-O Qg5 14.g3 Qxe5 15.
Rfe1 Qd6 16.Rad1 Qb6 17.Re5 f5 18.Bxf5 Nc6 19.Nxc6 Bxc6 20.Be4 Rxf2 21.Qd4
Qxd4 1/2-1/2

[Event "2e Open de Condom"]
[Site "?"]
[Date "2003.??.??"]
[Round "5"]
[White "Bonte, Pieter-Jan"]
[Black "Galby, Vassili"]
[Result "1-0"]
[WhiteElo "2071"]
[BlackElo "1460"]
[EventDate "2003.??.??"]
[PlyCount "51"]

1.e4 c5 2.Nf3 Nc6 3.d4 cxd4 4.c3 dxc3 5.Nxc3 e6 6.Bc4 Be7 7.O-O d6 8.Qe2 
Nf6 9.Rd1 Bd7 10.Bf4 e5 11.Be3 a6 12.h3 O-O 13.Nd2 Qc8 14.Kh2 Be6 15.Rac1 
Qd7 16.g4 b5 17.Bd3 Nd4 18.Bxd4 exd4 19.Ncb1 h6 20.f4 Nh7 21.b3 Qb7 22.Nf3
d5 23.e5 Qb6 24.Nxd4 Bc5 25.Bxh7+ Kxh7 26.Qc2+ 1-0

[Event "N3 - Carcassonne / CEIT"]
[Site "?"]
[Date "2003.??.??"]
[Round "6.3"]
[White "Belluire, Patrice"]
[Black "Brethes, Francois"]
[Result "1-0"]
[WhiteElo "2086"]
[BlackElo "2074"]
[EventDate "2003.07.04"]
[PlyCount "73"]

1.e4 e6 2.d4 d5 3.Nc3 Nf6 4.Bg5 Be7 5.e5 Nfd7 6.h4 a6 7.Qg4 Bxg5 8.hxg5 c5
9.g6 f5 10.Qf4 cxd4 11.Rxh7 Rg8 12.Qxd4 Nf8 13.Rh3 Nxg6 14.f4 Nc6 15.Qd2 
Qb6 16.Nge2 Bd7 17.O-O-O Na5 18.Nd4 Rc8 19.Be2 Nc4 20.Bxc4 Rxc4 21.Nce2 
Kf7 22.Rb3 Qc7 23.Rc3 Rc8 24.Rxc4 Qxc4 25.Kb1 b5 26.Rg1 Rb8 27.Nf3 b4 28.
Ng5+ Ke7 29.b3 Qc5 30.Nd4 a5 31.Qf2 Qc3 32.g3 a4 33.Ne2 Qc7 34.Qd4 Qa5 35.
c3 axb3 36.axb3 Rb6 37.c4 {(48 coups ? )} 1-0

[Event "Tarbes"]
[Site "?"]
[Date "2003.??.??"]
[Round "1"]
[White "Daragon, Bruno"]
[Black "Juglard, Eric"]
[Result "0-1"]
[WhiteElo "1900"]
[BlackElo "2186"]
[PlyCount "118"]

1.c4 Nf6 2.Nc3 e5 3.Nf3 d6 4.d4 e4 5.Ng1 Bf5 6.e3 g6 7.Nge2 Nc6 8.Ng3 Qd7 
9.Qc2 Bg7 10.Ngxe4 Nxe4 11.Nxe4 O-O 12.a3 Bxe4 13.Qxe4 Rae8 14.Qd3 Nxd4 
15.Be2 Nxe2 16.Kxe2 Qc6 17.Qd5 Qb6 18.Rb1 Re5 19.Qd3 Rfe8 20.b4 Qc6 21.f3 
d5 22.cxd5 Rxd5 23.Qb3 Qb5+ 24.Kf2 Rd3 25.Qc2 Rc3 26.Qd1 Qc4 27.Re1 Qh4+ 
28.Kg1 Rd8 29.Qe2 Rc2 30.Qf1 Bc3 31.Re2 Rxe2 32.Qxe2 h5 33.Bb2 Qf6 34.Qc2 
Bxb2 35.Qxb2 Qxb2 36.Rxb2 Rd3 37.Kf2 Rxa3 38.e4 c6 39.Kg3 Kg7 40.Kf4 Kf6 
41.h4 Ke6 42.g4 b5 43.Rc2 Kd6 44.gxh5 gxh5 45.Rc5 Rb3 46.Rxh5 Rxb4 47.Rh6+
Kd7 48.Rf6 Ke7 49.Rxc6 a5 50.h5 Rb1 51.Rc7+ Kf6 52.Rc6+ Kg7 53.Rc5 a4 54.
e5 a3 55.Rc2 Rb2 56.Rc1 a2 57.Ra1 b4 58.Ke3 b3 59.Kd3 Rb1 0-1

[Event "Tarbes"]
[Site "?"]
[Date "2003.??.??"]
[Round "3"]
[White "Brauckmann, Hartwich"]
[Black "Lalondrelle, Pierre"]
[Result "1-0"]
[WhiteElo "1720"]
[BlackElo "1840"]
[PlyCount "111"]

1.e4 c6 2.d4 d5 3.e5 c5 4.c3 Bf5 5.Bd3 Bxd3 6.Qxd3 c4 7.Qe2 e6 8.f4 Ne7 9.
Nf3 Nbc6 10.O-O g6 11.Be3 Bg7 12.Na3 a6 13.Nc2 Nf5 14.g4 Nxe3 15.Nxe3 O-O 
16.h4 Ne7 17.Qh2 f5 18.exf6 Bxf6 19.Ng5 Bxg5 20.fxg5 Qb8 21.Rxf8+ Qxf8 22.
Rf1 Qb8 23.Qf2 Qe8 24.Qf6 Nc6 25.Re1 Qf7 26.Ng2 Re8 27.Nf4 Nd8 28.Kg2 Qxf6
29.gxf6 Kf7 30.g5 Rh8 31.Kg3 h6 32.Nh3 h5 33.Ng1 Re8 34.Nf3 Nc6 35.Kf4 b5 
36.a3 a5 37.Re2 Rb8 38.Ne5+ Nxe5 39.Kxe5 Rb6 40.Re1 b4 41.axb4 axb4 42.Ra1
Rb7 43.Ra6 bxc3 44.bxc3 Rb1 45.Ra7+ Kf8 46.Kxe6 Re1+ 47.Kxd5 Re8 48.Re7 
Rd8+ 49.Kxc4 Rc8+ 50.Kd3 Ra8 51.Rg7 Ra1 52.Rxg6 Rh1 53.Rh6 Rxh4 54.g6 Ke8 
55.Rh8+ Kd7 56.g7 1-0

[Event "N3 - Montpellier Eur / Cahors"]
[Site "?"]
[Date "2003.??.??"]
[Round "6.9"]
[White "Ruiz-Pacheco"]
[Black "Joanez Benedicto"]
[Result "0-1"]
[WhiteElo "1260"]
[BlackElo "1350"]
[EventDate "2003.07.04"]
[PlyCount "70"]

1.e4 e6 2.d4 d5 3.e5 c5 4.Nf3 Bd7 5.Be3 Qb6 6.b3 Nc6 7.c3 cxd4 8.Nxd4 Nxe5
9.Nf3 Nxf3+ 10.Qxf3 Qc7 11.Bd4 e5 12.Qg3 f6 13.Be2 O-O-O 14.Bxa7 Ne7 15.
Bg4 h5 16.Be2 Nf5 17.Qd3 d4 18.O-O Qa5 19.Qc4+ Bc6 20.Qe6+ Rd7 21.Qxf5 
Qxa7 22.Bxh5 Kb8 23.Bf3 Qb6 24.a4 Bd6 25.b4 e4 26.Bxe4 Bxh2+ 27.Kh1 Bd6+ 
28.Kg1 Re7 29.Nd2 Bxe4 30.Nxe4 Qc7 31.Nxd6 Qxd6 32.g3 dxc3 33.Rad1 Qxb4 
34.Qb5 Qe4 35.a5 Rh1# 0-1

[Event "Tarbes"]
[Site "?"]
[Date "2003.??.??"]
[Round "3"]
[White "Daragon, Bruno"]
[Black "Serres, Olivier"]
[Result "1-0"]
[WhiteElo "1900"]
[BlackElo "1420"]
[PlyCount "125"]

1.c4 e5 2.Nc3 Nf6 3.Nf3 Bd6 4.e4 Nc6 5.d3 b6 6.g3 Bb7 7.Bg2 O-O 8.O-O Ne7 
9.Bg5 Ng6 10.h3 h6 11.Be3 c5 12.Qd2 Bc7 13.a3 Qe7 14.Rab1 a5 15.Nb5 Bd8 
16.b4 axb4 17.axb4 Ne8 18.Nh2 Rb8 19.f4 Nc7 20.f5 Nh8 21.bxc5 bxc5 22.Ng4 
f6 23.Nc3 Nf7 24.Rb2 Na6 25.Na4 d6 26.Rfb1 Nb4 27.Qe2 Bc6 28.Nc3 Bc7 29.
Bd2 Rb7 30.Ne3 Rfb8 31.Ncd5 Nxd5 32.Rxb7 Rxb7 33.Rxb7 Bxb7 34.cxd5 Qd8 35.
h4 Qa8 36.Kh2 Qa3 37.Nc4 Qa8 38.Bf3 Ba6 39.Bh5 Bxc4 40.dxc4 Qa2 41.Kh3 Ba5
42.Bxa5 Qxa5 43.Qb2 Qb4 44.Qa2 Qb8 45.Qa4 Qf8 46.Qa7 Nh8 47.Bd1 Nf7 48.Ba4
Nh8 49.Bd7 Nf7 50.Be6 Qe8 51.Qc7 Kf8 52.Bxf7 Qxf7 53.Qxd6+ Qe7 54.Qxe7+ 
Kxe7 55.Kg4 Kf8 56.Kh5 Kf7 57.g4 Kf8 58.Kg6 Kg8 59.d6 Kf8 60.d7 Ke7 61.
Kxg7 Kxd7 62.Kxf6 Kc6 63.Kxe5 1-0

[Event "2e Open de Condom"]
[Site "?"]
[Date "2003.??.??"]
[Round "6"]
[White "Cwiek, Loic"]
[Black "Kerek, Csaba"]
[Result "0-1"]
[WhiteElo "2155"]
[BlackElo "2361"]
[EventDate "2003.??.??"]
[PlyCount "100"]

1.d4 Nf6 2.c4 g6 3.Nc3 Bg7 4.Nf3 d6 5.e4 O-O 6.Be2 e5 7.O-O exd4 8.Nxd4 
Re8 9.f3 Nc6 10.Be3 Nh5 11.f4 Nf6 12.Bf3 Bg4 13.Nxc6 Bxf3 14.Nxd8 
    ( 14.Qxf3 bxc6 15.Rfe1 Qd7 16.Bd4 )
14...Bxd1 15.Nxf7 Bc2 16.Ng5 Nxe4 17.Ngxe4 Bxe4 18.Rfe1 Bxc3 19.bxc3 b6 
20.Rad1 Bb7 21.Kf2 Kf7 22.Rd2 Re4 23.Rd4 Rae8 24.g3 Ba6 25.Rxe4 Rxe4 26.
Bd4 Rxe1 27.Kxe1 Bxc4 28.a3 h5 29.Kf2 Ke6 30.h3 Kd5 31.g4 hxg4 32.hxg4 Bd3
33.Ke3 Kc4 34.Bf6 Bb1 35.Bd8 c5 36.Bc7 Kxc3 37.Bxd6 a6 38.Bc7 b5 39.Bd6 c4
40.Bb4+ Kb3 41.Kd4 Bd3 42.Ke3 a5 43.Bxa5 Kxa3 44.Bb6 b4 45.Bc5 Kb3 46.Bd4 
Bb1 47.Kd2 c3+ 48.Kc1 Be4 49.Be5 Kc4 50.f5 b3 0-1

[Event "Tarbes"]
[Site "?"]
[Date "2003.??.??"]
[Round "?"]
[White "Safranska, Anda"]
[Black "Jossien"]
[Result "1/2-1/2"]
[WhiteElo "2337"]
[BlackElo "218"]
[PlyCount "74"]

1.e4 e5 2.Nf3 Nc6 3.Bb5 a6 4.Ba4 Bc5 5.O-O d6 6.c3 f6 7.d4 Ba7 8.h3 Ne7 9.
Bb3 Ng6 10.a3 Qe7 11.Re1 Nd8 12.Nbd2 Be6 13.Nf1 Qf7 14.Bc2 Qd7 15.d5 Bf7 
16.c4 O-O 17.b4 c6 18.Ng3 b5 19.Bb3 Ne7 20.dxc6 Qxc6 21.cxb5 axb5 22.Be3 
d5 23.Rc1 Qb7 24.exd5 Nxd5 25.Bxa7 Rxa7 26.Ne4 Nf4 27.Nd6 Qd7 28.Nxf7 Nxf7
29.Re3 g6 30.Qxd7 Rxd7 31.Rc5 Rb8 32.g3 Nd3 33.Rd5 Rxd5 34.Bxd5 Nb2 35.Rc3
Rd8 36.Rc5 Kg7 37.Bxf7 Kxf7 1/2-1/2

[Event "N3 - Condom / Tournefeuille"]
[Site "?"]
[Date "2003.??.??"]
[Round "6.3"]
[White "Ducret, Thomas"]
[Black "Aguirre, Simon"]
[Result "1-0"]
[WhiteElo "2202"]
[BlackElo "2172"]
[EventDate "2003.07.04"]
[PlyCount "90"]

1.Nf3 d5 2.d4 Nf6 3.c4 c6 4.Nc3 dxc4 5.a4 Bf5 6.e3 e6 7.Bxc4 Bb4 8.O-O O-O
9.Qb3 Qe7 10.Nh4 Nbd7 11.Nxf5 exf5 12.Rd1 Nb6 13.Bf1 Nbd5 14.g3 Rad8 15.
Bd2 Bd6 16.Bg2 Ne4 17.Nxd5 cxd5 18.Be1 g6 19.a5 Rfe8 20.Ra4 Qe6 21.Rc1 Rc8
22.Raa1 h5 23.h4 Kg7 24.Qd1 Qd7 25.Bf1 a6 26.Qb3 Bb8 27.Qd1 Qe7 28.Qb3 
Rcd8 29.Bg2 Rd7 30.Ra4 g5 31.hxg5 Qxg5 32.Rb4 Qe7 33.Qd1 Nxf2 34.Kxf2 
Qxe3+ 35.Kf1 Bxg3 36.Bxg3 Qxg3 37.Rb3 Qg5 38.Rbc3 Rde7 39.Qf3 Kh7 40.Qxd5 
Re6 41.Rd1 Qh4 42.Rcc1 Kg6 43.Qf3 Re4 44.Qf2 Rf4 45.Bf3 Qh1+ 1-0

[Event "N3 - Ech Toulousain / Agen"]
[Site "?"]
[Date "2003.??.??"]
[Round "6.2"]
[White "Dezaele, Christophe"]
[Black "Le Hetet, Nicolas"]
[Result "1/2-1/2"]
[WhiteElo "2133"]
[BlackElo "2099"]
[EventDate "2003.07.04"]
[PlyCount "60"]

1.d4 d5 2.Nf3 Nf6 3.c4 c6 4.g3 e6 5.Bg2 Nbd7 6.Nbd2 Be7 7.O-O O-O 8.b3 
dxc4 9.Nxc4 c5 10.Bb2 Ne4 11.Qc2 Nd6 12.dxc5 Nxc4 13.Qxc4 Bxc5 14.Rfd1 Qe7
15.Rac1 Ba3 16.Bxa3 Qxa3 17.Qh4 Nf6 18.Rc2 Qa5 19.b4 Qa4 20.Rcd2 Bd7 21.
Ne5 Bb5 22.Bxb7 Rab8 23.Bf3 Rfc8 24.Ng4 Nxg4 25.Rd8+ Be8 26.Bxg4 Qxb4 27.
Rxc8 Rxc8 28.Qh3 Qa4 29.Rd6 Qb4 30.Rd1 Qa4 1/2-1/2

[Event "Tarbes"]
[Site "?"]
[Date "2003.??.??"]
[Round "3"]
[White "Cheron, Stephane"]
[Black "Laporte, Pierre"]
[Result "1-0"]
[WhiteElo "1910"]
[BlackElo "1780"]
[PlyCount "51"]

1.e4 e6 2.d4 d5 3.e5 c5 4.c3 Qb6 5.Nf3 Nc6 6.a3 Bd7 7.b4 cxd4 8.cxd4 Nge7 
9.Be2 Nf5 10.Be3 Be7 11.O-O O-O 12.Nbd2 Ncxd4 13.Kh1 f6 14.Nxd4 Nxd4 15.
Nf3 Bb5 16.Bxb5 Qxb5 17.Nxd4 Qd7 18.Qg4 fxe5 19.Qxe6+ Qxe6 20.Nxe6 Rf6 21.
Nc7 Rd8 22.Rad1 d4 23.Bg5 Rf7 24.Ne6 Bxg5 25.Nxg5 Rc7 26.Ne6 1-0

[Event "Tarbes"]
[Site "?"]
[Date "2003.??.??"]
[Round "3"]
[White "Pokee, Anne-Josephe"]
[Black "Birebent, Guy"]
[Result "1-0"]
[WhiteElo "1710"]
[BlackElo "1870"]
[PlyCount "61"]

1.e4 c5 2.Nc3 Nc6 3.f4 e6 4.Bc4 Na5 5.Be2 b6 6.Nf3 Bb7 7.O-O Nf6 8.d3 Be7 
9.Nd2 g6 10.Nb3 Nxb3 11.axb3 a6 12.Qe1 h5 13.Bf3 h4 14.e5 Nd5 15.Nxd5 Bxd5
16.Bxd5 exd5 17.f5 Bg5 18.e6 dxe6 19.fxe6 f5 20.Bf4 Bxf4 21.Rxf4 Qd6 22.
Rxh4 Rxh4 23.Qxh4 Qf8 24.Qh7 Qf6 25.Qg8+ Qf8 26.Qxg6+ Ke7 27.Re1 Qf6 28.
Qh7+ Ke8 29.Qd7+ Kf8 30.e7+ Kg8 31.e8=Q+ 1-0

[Event "Tarbes"]
[Site "?"]
[Date "2003.??.??"]
[Round "3"]
[White "Surre, Frederic"]
[Black "Brunel, Julien"]
[Result "1/2-1/2"]
[WhiteElo "1740"]
[BlackElo "1910"]
[PlyCount "111"]

1.e4 d5 2.exd5 Nf6 3.Bb5+ c6 4.dxc6 bxc6 5.Be2 Bf5 6.Nf3 e6 7.d4 Qb6 8.O-O
Be7 9.c3 O-O 10.Nbd2 Nbd7 11.Nc4 Qb8 12.h3 Rd8 13.Bd3 Bxd3 14.Qxd3 c5 15.
Qc2 cxd4 16.Nxd4 Qc7 17.Qe2 Rac8 18.Nd2 Nc5 19.Re1 Rd7 20.N2f3 Nce4 21.Ng5
Nd6 22.Bf4 Qc4 23.Qxc4 Nxc4 24.Bc1 h6 25.Ngf3 Bc5 26.b3 Nd6 27.Ne5 Rdd8 
28.Ndc6 Re8 29.Be3 Bxe3 30.Rxe3 Nd5 31.Rd3 f6 32.c4 fxe5 33.cxd5 exd5 34.
Nxa7 Rc5 35.b4 Rc7 36.Rxd5 Rxa7 37.Rxd6 Rb8 38.a3 Rxb4 39.axb4 Rxa1+ 40.
Kh2 Rb1 41.Rb6 Kf7 42.Kg3 Rb3+ 43.Kg4 Rb2 44.Kg3 g6 45.h4 h5 46.f3 Rb3 47.
Kf2 Rc3 48.b5 Rb3 49.Kg3 e4 50.Kf2 e3+ 51.Ke2 Rb2+ 52.Kxe3 Rxg2 53.Rc6 Rb2
54.Rc5 Ke6 55.f4 Kd6 56.Rc6+ 1/2-1/2

[Event "Tarbes"]
[Site "?"]
[Date "2003.??.??"]
[Round "3"]
[White "Baches, Frederic"]
[Black "Sakri, Abdelhak"]
[Result "0-1"]
[WhiteElo "1770"]
[BlackElo "2020"]
[PlyCount "86"]

1.e4 c6 2.d4 d5 3.e5 Bf5 4.Nf3 e6 5.Be2 Nd7 6.Bd2 c5 7.c3 Qb6 8.Qb3 Qxb3 
9.axb3 cxd4 10.cxd4 Ne7 11.Na3 a6 12.Nb5 Rb8 13.Nd6+ Kd8 14.Nxf7+ Ke8 15.
Nxh8 g6 16.Rc1 Bg7 17.Nxg6 hxg6 18.O-O Nc6 19.Nh4 Nxd4 20.Nxf5 Nxe2+ 21.
Kh1 gxf5 22.f4 Nxc1 23.Rxc1 Bf8 24.Be3 Kd8 25.Kg1 Rc8 26.Rxc8+ Kxc8 27.Kf1
Bc5 28.Ke2 Kd8 29.h3 Bxe3 30.Kxe3 Ke8 31.g4 Kf7 32.b4 Kg6 33.Kd4 b6 34.Ke3
Nb8 35.gxf5+ Kxf5 36.h4 Nc6 37.h5 Nxb4 38.Kd4 Nc6+ 39.Ke3 Ne7 40.b3 Ng8 
41.b4 Nh6 42.Kf3 d4 43.Kg3 a5 0-1

[Event "NII"]
[Site "?"]
[Date "2003.??.??"]
[Round "?"]
[White "Del Rey"]
[Black "Leygue, Dominique"]
[Result "1-0"]
[WhiteElo "2387"]
[BlackElo "2265"]
[EventDate "2003.??.??"]
[PlyCount "53"]

1.d4 Nf6 2.c4 g6 3.Nc3 Bg7 4.e4 O-O 5.Bd3 d6 6.Nge2 e5 7.d5 Nbd7 8.Bc2 a5 
9.O-O Nh5 10.Be3 h6 11.Qd2 Kh7 12.a3 Qh4 13.g3 Qh3 14.Nb5 Ndf6 15.f3 Ne8 
16.g4 c6 17.Nbc3 Nhf6 18.Kh1 cxd5 19.cxd5 Ng8 20.Na4 b5 21.Nb6 Rb8 22.Bd3 
b4 23.Nxc8 Rxc8 24.Qe1 Bf6 25.Ng1 Qh4 26.Bf2 Qg5 27.Nh3 1-0

[Event "Tarbes"]
[Site "?"]
[Date "2003.??.??"]
[Round "2"]
[White "Jeau, James"]
[Black "Janotta, Patrick"]
[Result "0-1"]
[WhiteElo "1730"]
[BlackElo "2134"]
[PlyCount "97"]

1.Nf3 Nf6 2.c4 g6 3.g3 Bg7 4.Bg2 O-O 5.O-O d5 6.cxd5 Nxd5 7.Nc3 Nb6 8.d4 
Nc6 9.e3 e5 10.dxe5 Nxe5 11.Nxe5 Bxe5 12.Nb5 Qxd1 13.Rxd1 Bg4 14.Rd2 c6 
15.Nd4 Rad8 16.h3 Bc8 17.Rb1 Bg7 18.b3 Rfe8 19.Bb2 c5 20.Nf3 Bxb2 21.Rbxb2
c4 22.Rxd8 Rxd8 23.bxc4 Rd1+ 24.Kh2 Rc1 25.Nd4 Nxc4 26.Rc2 Rxc2 27.Nxc2 
Kf8 28.Bd5 Nb6 29.Bb3 Ke7 30.h4 Be6 31.Bxe6 Kxe6 32.Kg2 Kd5 33.Kf3 Kc4 34.
Ke2 Kc3 35.Nd4 a6 36.Nb3 Nd7 37.Na5 b5 38.Nc6 Kb2 39.Kd2 Nc5 40.f3 Kxa2 
41.Nb4+ Kb3 42.Nc6 Nb7 43.Nd4+ Kc4 44.Nc6 f6 45.Kc2 b4 46.e4 b3+ 47.Kb2 
Nc5 48.Na5+ Kd3 49.Nc6 0-1

[Event "Tarbes"]
[Site "?"]
[Date "2003.??.??"]
[Round "2"]
[White "Durbize, Patrick"]
[Black "Rundstrom, Douglas"]
[Result "0-1"]
[WhiteElo "1850"]
[BlackElo "2030"]
[PlyCount "86"]

1.e4 c5 2.Nf3 d6 3.c3 Nf6 4.Be2 Nc6 5.d3 g6 6.O-O Bg7 7.Nbd2 O-O 8.Re1 Bd7
9.Bf1 Qc7 10.d4 cxd4 11.cxd4 Nb4 12.Re3 b5 13.a3 Nc6 14.Nb3 Rac8 15.Bd3 
Qb6 16.Bd2 Bh6 17.Re1 Bxd2 18.Qxd2 Kg7 19.h3 Nd8 20.Rac1 Ne6 21.e5 Nd5 22.
Be4 Bc6 23.Rc2 Ba8 24.Rec1 Rxc2 25.Rxc2 b4 26.Nc1 a5 27.Ne2 bxa3 28.bxa3 
Qb1+ 29.Qc1 Qxc1+ 30.Rxc1 Ndf4 31.Re1 d5 32.Nxf4 Nxf4 33.Bb1 Rb8 34.g3 
Ne2+ 35.Kf1 Nc3 36.Bd3 Rb3 37.Ra1 Bc6 38.Nd2 Rb2 39.Ke1 Ne4 40.Bxe4 dxe4 
41.Nc4 Rb5 42.Ke2 Bd5 43.Ne3 Bb3 0-1

[Event "Condom"]
[Site "?"]
[Date "2003.??.??"]
[Round "8.35"]
[White "Bluet, Frederick"]
[Black "Pipo"]
[Result "1-0"]
[WhiteElo "1850"]
[BlackElo "2064"]
[EventDate "2003.??.??"]
[PlyCount "60"]

1.e4 c5 2.Nf3 d6 3.d4 cxd4 4.Nxd4 Nf6 5.Nc3 a6 6.Bc4 e6 7.Bb3 Nbd7 8.O-O 
Nc5 9.Re1 Be7 10.f4 O-O 11.Qf3 Qc7 12.f5 Bd7 13.Qg3 Kh8 14.Bg5 b5 15.Bxf6 
Bxf6 16.Nf3 b4 17.Nd1 Nxb3 18.cxb3 exf5 19.Nf2 Rfe8 20.Rad1 fxe4 21.Nxe4 
Be5 22.Nxe5 dxe5 23.Nd6 Qc5+ 24.Kh1 Re7 25.Rxe5 Rxe5 26.Qxe5 Qxe5 27.Nxf7+
Kg8 28.Nxe5 Bf5 29.Kg1 h6 30.Nc6 a5 1-0

[Event "N3 - Tournefeuille / Condom"]
[Site "?"]
[Date "2003.??.??"]
[Round "6.8"]
[White "Rich, Philippe"]
[Black "Baumann, Benjamin"]
[Result "0-1"]
[WhiteElo "1900"]
[BlackElo "2010"]
[EventDate "2003.07.04"]
[PlyCount "116"]

1.c4 Nf6 2.Nc3 d6 3.d4 c5 4.Nf3 cxd4 5.Nxd4 Nc6 6.e4 g6 7.Be2 Bg7 8.Be3 
O-O 9.O-O Ne5 10.h3 Bd7 11.f4 Nc6 12.Bf3 Rc8 13.b3 Qb6 14.Na4 Qa5 15.Nb5 
b6 16.Bd2 Qa6 17.Bc3 Rfd8 18.g4 Qb7 19.Qe2 a6 20.e5 dxe5 21.fxe5 Ne8 22.
Nd4 Qc7 23.Nxc6 Bxc6 24.Bxc6 Qxc6 25.Qf2 Rd3 26.Rad1 Rxh3 27.Qxf7+ Kh8 28.
Qd5 Qxd5 29.cxd5 Rg3+ 30.Kh2 Rgxc3 31.Nxc3 Rxc3 32.Rde1 Kg8 33.Rf2 Rd3 34.
d6 exd6 35.exd6 Nxd6 36.Re7 Rd5 37.Rd7 Be5+ 38.Kg2 Rd4 39.Kf1 Rxg4 40.Rd8+
Kg7 41.Rd2 Ne4 42.R2d7+ Kh6 43.Rb7 a5 44.Ke2 Nf6 45.Rd3 Bd4 46.Rf7 Kg5 47.
Rf3 Rf4 48.Rxf4 Kxf4 49.Kd3 Ke5 50.Kc4 Bc5 51.Rg7 Kf5 52.Rb7 h5 53.a3 h4 
54.b4 axb4 55.axb4 h3 56.Ra7 h2 57.bxc5 h1=Q 58.cxb6 Qc6+ 0-1

[Event "Tarbes"]
[Site "?"]
[Date "2003.??.??"]
[Round "2"]
[White "Birebent, Guy"]
[Black "Mohtaji, Javad"]
[Result "1/2-1/2"]
[WhiteElo "1860"]
[BlackElo "2048"]
[PlyCount "92"]

1.Nf3 c5 2.c4 Nf6 3.g3 Nc6 4.Bg2 e5 5.O-O d6 6.Nc3 Be7 7.d3 h6 8.Nd2 O-O 
9.f4 exf4 10.Rxf4 Nh5 11.Rf1 f5 12.Nd5 Bg5 13.Nf3 Bxc1 14.Rxc1 f4 15.gxf4 
Nxf4 16.Nxf4 Rxf4 17.e3 Rf6 18.d4 Bg4 19.dxc5 dxc5 20.Qxd8+ Rxd8 21.Ne1 
Rxf1+ 22.Kxf1 Rd2 23.Bxc6 bxc6 24.Rc2 Be2+ 25.Kf2 Rxc2 26.Nxc2 Bxc4 27.a3 
Kf7 28.Ne1 Kf6 29.Kf3 Ke5 30.h4 g5 31.hxg5 hxg5 32.Kf2 Ke4 33.Nf3 g4 34.
Nd2+ Kd3 35.Nxc4 Kxc4 36.Kg3 Kd3 37.Kxg4 Kxe3 38.Kf5 Kd4 39.Ke6 c4 40.Kd6 
c5 41.Kc6 c3 42.bxc3+ Kc4 43.a4 Kb3 44.Kxc5 Kxa4 45.c4 Ka5 46.Kc6 Kb4 
1/2-1/2

[Event "Tarbes"]
[Site "?"]
[Date "2003.??.??"]
[Round "2"]
[White "Alik, Michel"]
[Black "Dufeal, Julien"]
[Result "0-1"]
[WhiteElo "1710"]
[BlackElo "2141"]
[PlyCount "84"]

1.Nf3 d5 2.d4 Bf5 3.Bf4 e6 4.Nbd2 Nf6 5.e3 Be7 6.c4 O-O 7.Qb3 b6 8.Rc1 c5 
9.Bxb8 Rxb8 10.Ne5 Qd6 11.cxd5 exd5 12.Bb5 c4 13.Qa4 a6 14.Qxa6 Ra8 15.Qb7
Rfb8 16.Qc6 Qb4 17.a4 Qxb2 18.Rd1 c3 19.O-O cxd2 20.Qc7 Qb4 21.Nc6 Bd6 22.
Nxb4 Bxc7 23.Rxd2 Rc8 24.Nc6 Kf8 25.f3 h5 26.h3 h4 27.Nb4 Bd6 28.Nc6 Bd7 
29.Rc2 Bxc6 30.Bxc6 Ra7 31.e4 Rac7 32.e5 Rxc6 33.Rxc6 Rxc6 34.exd6 Rxd6 
35.Rc1 Nh5 36.Rc8+ Ke7 37.Rc7+ Kf6 38.Kf2 Re6 39.Rb7 Ng3 40.Rb8 Kf5 41.Rb7
f6 42.Rf7 Kf4 0-1

[Event "Tarbes"]
[Site "?"]
[Date "2003.??.??"]
[Round "2"]
[White "Cruz, Manuel"]
[Black "Fejzovski, Ekrem"]
[Result "0-1"]
[WhiteElo "1760"]
[BlackElo "2174"]
[PlyCount "80"]

1.e4 c5 2.Nc3 Nc6 3.d3 g6 4.Nf3 Bg7 5.Bd2 d6 6.Qc1 a6 7.Be2 Bg4 8.h3 Bxf3 
9.Bxf3 Nd4 10.Bd1 e6 11.Ne2 Ne7 12.c3 Ndc6 13.O-O O-O 14.Bh6 Rc8 15.Bxg7 
Kxg7 16.f4 d5 17.Ng3 f5 18.e5 b5 19.b3 Qb6 20.Kh2 Rfd8 21.a3 a5 22.Bc2 d4 
23.c4 Rb8 24.Rb1 Qc7 25.Qe1 bxc4 26.bxc4 Rxb1 27.Qxb1 Rb8 28.Qd1 h5 29.Nh1
Qb6 30.Ba4 Qb2 31.Bxc6 Nxc6 32.Qa4 Rb6 33.Qd1 Qxa3 34.g4 hxg4 35.hxg4 Rb2+
36.Rf2 Nb4 37.Rxb2 Qxb2+ 38.Kg3 Qc2 39.Qe1 Qxd3+ 40.Kh4 Qf3 0-1

[Event "Tarbes"]
[Site "?"]
[Date "2003.??.??"]
[Round "?"]
[White "Rundstrom, Douglas"]
[Black "Fejzovski"]
[Result "1-0"]
[WhiteElo "2030"]
[BlackElo "2174"]
[PlyCount "105"]

1.d4 Nf6 2.c4 g6 3.Nc3 Bg7 4.e4 d6 5.Nf3 O-O 6.Be2 c6 7.O-O Qc7 8.h3 e5 9.
d5 Nbd7 10.Be3 Rd8 11.Qc2 Nf8 12.Rfd1 Nh5 13.Qd2 c5 14.Ne1 Nf6 15.Bg5 Re8 
16.Rac1 h5 17.Bxf6 Bxf6 18.Nf3 Qe7 19.Qd3 g5 20.Nh2 g4 21.hxg4 h4 22.Bf3 
Ng6 23.Ne2 Bg5 24.Rc3 Kg7 25.Nf1 Nf4 26.Nxf4 exf4 27.g3 hxg3 28.fxg3 Bf6 
29.Rc2 Bd4+ 30.Kg2 Rh8 31.b4 Qg5 32.bxc5 dxc5 33.Qe2 Qh6 34.Rxd4 Qh3+ 35.
Kg1 cxd4 36.Qd2 d3 37.Qc3+ Kg8 38.Rh2 Qxf1+ 39.Kxf1 Rxh2 40.Qxd3 fxg3 41.
Bg2 Rh4 42.Qxg3 Rxg4 43.Qc7 Rg6 44.Qd8+ Kg7 45.Qe7 Bg4 46.e5 Be2+ 47.Kf2 
Bxc4 48.Be4 Rg4 49.Qf6+ Kg8 50.Qf5 Rxe4 51.Qxe4 Bxa2 52.Ke3 Rd8 53.Qg2+ 
1-0

[Event "Tarbes"]
[Site "?"]
[Date "2003.??.??"]
[Round "2"]
[White "Lassabe, Nicolas"]
[Black "Garrel, Alain"]
[Result "1-0"]
[WhiteElo "1820"]
[BlackElo "2153"]
[PlyCount "45"]

1.e4 d6 2.d4 Nf6 3.Nc3 Nbd7 4.f4 e5 5.Nf3 exd4 6.Qxd4 c6 7.e5 dxe5 8.fxe5 
Bc5 9.Qh4 Qe7 10.Bg5 Nxe5 11.O-O-O Ng6 12.Qg3 Be3+ 13.Kb1 Bxg5 14.Re1 Be6 
15.Nxg5 b5 16.h4 Nh5 17.Qf3 Rc8 18.Nxe6 fxe6 19.Qxh5 O-O 20.Bd3 Rf6 21.
Rhf1 Rcf8 22.Rxf6 Rxf6 23.Ne4 1-0